01639nam a2200289 a 4500001001000000005001700010008004100027041000800068044000700076084002000083100004500103245009100148260005000239300003200289500011200321500007600433500047200509500003600981500001001017546002501027650005201052650005601104650003401160650004501194700006001239740005001299BRCA_312920190320204127.0040209s1862----fr-a---###---#000-0#fre-u afre afr a432b.J36c18621 aCervantes Saavedra, Miguel ded1547-161610aHistoire de L´Admirable Don Quichotte de la Manchecpar Miguel de Cervantes Saavedra. aParísbJenet, Louis, Magnin, Blachardc1862 a416 p.bil. a colorc28 cm. aContenido : Primera parte. Texto abreviado. Segunda parte. Texto abreviado. Continuación por el traductor aEdición : Traduction nouvelle. Illustré de 28 grandes Lithographies aEs la traducción de Filleau de Saint-Martin, retocada y sumamente abreviada. Está dividida en tres parte: las primeras dos comprenden la novela cervantina muy abreviada, y la tercera contiene un extracto de la continuación de St. Martin. Va adornada con varias litografías, tiradas con pulcritud, pero con muchos defectos por lo que toca al dibujo. Hermosa edición, impresa en rico papel y nítidos tipos. Piel; lomera adornada con dorados Lúdovik Osterc aCon ex-libris de : Gaspard Koch aQM361 aTexto en : francés14aNovela españolayÉpoca clásica, 1500-170014aLiteratura españolayÉpoca clásica, 1500-170014aNovela españolaySiglo XVII14aDon Quijote (Personaje ficticio)eNovela1 aSaint-Martin, Francois Filleau ded1632-1695eTraductor0 aEl Ingenioso Hidalgo Don Quijote de la Mancha